Statistics for Steaua București Champions League Winner Starting XI

Click here to take the quiz!

General Stats

  • This quiz has been taken 78 times
  • The average score is 5 of 11

Answer Stats

Player% Correct
Helmuth Duckadam
92%
Marius Lăcătuș
69%
Miodrag Belodedici
62%
Victor Pițurcă
54%
Gabi Balint
44%
Adrian Bumbescu
43%
László Bölöni
43%
Mihail Majearu
33%
Ștefan Iovan
33%
Lucian Bălan
30%
Ilie Bărbulescu
26%

Score Distribution

Percentile by Number Answered

Percent of People with Each Score

Your Score History

You have not taken this quiz